[Event "Madrid ch sf-A"]
[Site "Madrid ESP"]
[Date "2007.01.22"]
[Round "7.8"]
[White "Carbonell Martinez, Juan"]
[Black "Barahona Torrijos, Angel"]
[Result "1-0"]
[WhiteElo "2119"]
[BlackElo "2030"]
[PlyCount "71"]
[EventDate "2007.01.08"]
[EventType "swiss"]
[EventRounds "9"]
[EventCountry "ESP"]
[Source "lmi"]
[SourceDate "2007.01.08"]

1. Nf3 Nc6 2. d4 d5 3. c4 e5 4. dxe5 Bb4+ 5. Bd2 dxc4 6. Nc3 Be6 7. Qc2 Nge7 8.
O-O-O O-O 9. Ng5 Bf5 10. e4 Be6 11. Nxe6 fxe6 12. Be3 Qc8 13. f4 Bxc3 14. Qxc3
b5 15. b3 Qa6 16. Kb1 Rfd8 17. Be2 cxb3 18. axb3 Qb7 19. Bc5 a5 20. Rxd8+ Rxd8
21. Rd1 Rxd1+ 22. Bxd1 Ng6 23. g3 a4 24. b4 Ncxe5 25. fxe5 Qxe4+ 26. Bc2 Qh1+
27. Kb2 Qxh2 28. Qd3 Nf8 29. Qd8 a3+ 30. Kxa3 Qxg3+ 31. Bb3 h5 32. Qxf8+ Kh7
33. Qf7 Qxe5 34. Bc2+ Kh6 35. Qf2 g5 36. Bf8+ 1-0

[Event "Madrid ch sf-A"]
[Site "Madrid ESP"]
[Date "2007.01.22"]
[Round "7.9"]
[White "Andalon Gomez, Carlos J"]
[Black "Martin-Consuegra, Javier"]
[Result "1/2-1/2"]
[WhiteElo "2023"]
[BlackElo "1949"]
[PlyCount "108"]
[EventDate "2007.01.08"]
[EventType "swiss"]
[EventRounds "9"]
[EventCountry "ESP"]
[Source "lmi"]
[SourceDate "2007.01.08"]

1. d4 d5 2. c4 c6 3. Nf3 Nf6 4. Nc3 a6 5. e3 Bf5 6. Qb3 Ra7 7. c5 Nbd7 8. Bd2
e5 9. Na4 e4 10. Ne5 Nxe5 11. dxe5 Nd7 12. Bc3 Nxc5 13. Nxc5 Bxc5 14. Be2 Qb6
15. Qa4 O-O 16. Rb1 a5 17. O-O Qc7 18. Rbc1 b6 19. Bd4 Bxd4 20. exd4 c5 21. Rc3
Rc8 22. Rfc1 Raa8 23. dxc5 bxc5 24. Qb5 Rcb8 25. Qa4 Qxe5 26. Rxc5 Qxb2 27. Ba6
Rd8 28. Qxa5 Be6 29. a4 d4 30. R5c2 Qb3 31. Qc7 Qxa4 32. Bb7 Rab8 33. Bxe4 Qb4
34. Bd3 g6 35. Qg3 Rbc8 36. h4 Rxc2 37. Rxc2 Qd6 38. Qxd6 Rxd6 39. Kf1 Kg7 40.
Ke2 Kf6 41. Be4 Bf5 42. Kd3 Bxe4+ 43. Kxe4 Ke6 44. Kd3 h5 45. Re2+ Kf5 46. Re4
f6 47. f3 g5 48. g4+ Kg6 49. gxh5+ Kxh5 50. hxg5 Kxg5 51. Rg4+ Kf5 52. Re4 Rd8
53. Rg4 Rd7 54. Re4 Rd5 1/2-1/2

[Event "Madrid ch sf-A"]
[Site "Madrid ESP"]
[Date "2007.01.22"]
[Round "7.10"]
[White "Garcia Fernandez, Jesus"]
[Black "Lorenzo Bailador, Alfredo"]
[Result "0-1"]
[WhiteElo "1937"]
[BlackElo "2082"]
[PlyCount "46"]
[EventDate "2007.01.08"]
[EventType "swiss"]
[EventRounds "9"]
[EventCountry "ESP"]
[Source "lmi"]
[SourceDate "2007.01.08"]

1. Nf3 d5 2. c4 e6 3. g3 Nf6 4. Bg2 Be7 5. O-O O-O 6. b3 c5 7. d4 b6 8. cxd5
exd5 9. Nc3 Nc6 10. Ne5 Bb7 11. e3 Nxe5 12. dxe5 Ne4 13. Ne2 Qc7 14. Bb2 f6 15.
Nf4 Qc6 16. e6 Rad8 17. Rc1 Ng5 18. Qg4 f5 19. Qh4 Qd6 20. Rfd1 Nf3+ 21. Bxf3
Bxh4 22. gxh4 Qe7 23. Kh1 d4 0-1

[Event "Madrid ch sf-A"]
[Site "Madrid ESP"]
[Date "2007.01.23"]
[Round "8.1"]
[White "Horcajada Reales, Guillermo"]
[Black "Pastor Alonso de Prado, Alberto"]
[Result "0-1"]
[WhiteElo "2188"]
[BlackElo "2212"]
[PlyCount "40"]
[EventDate "2007.01.08"]
[EventType "swiss"]
[EventRounds "9"]
[EventCountry "ESP"]
[Source "lmi"]
[SourceDate "2007.01.08"]

1. d4 d5 2. c4 e6 3. Nc3 Nf6 4. Bg5 Be7 5. e3 O-O 6. Nf3 h6 7. Bh4 Ne4 8. Bxe7
Qxe7 9. Bd3 Nxc3 10. bxc3 dxc4 11. Bxc4 b6 12. O-O Bb7 13. Ne5 Nd7 14. f4 c5
15. Rc1 Rac8 16. Qh5 cxd4 17. cxd4 Nxe5 18. Qxe5 Qa3 19. Rc2 Rxc4 20. Rxc4 Qxa2
0-1

[Event "Madrid ch sf-A"]
[Site "Madrid ESP"]
[Date "2007.01.23"]
[Round "8.2"]
[White "Salcedo Tornero, Pablo"]
[Black "Rabadan Velasco, Raul"]
[Result "0-1"]
[WhiteElo "2176"]
[BlackElo "2254"]
[PlyCount "62"]
[EventDate "2007.01.08"]
[EventType "swiss"]
[EventRounds "9"]
[EventCountry "ESP"]
[Source "lmi"]
[SourceDate "2007.01.08"]

1. e4 e6 2. d3 d5 3. Nd2 Nf6 4. Ngf3 b6 5. exd5 exd5 6. Be2 Bd6 7. O-O O-O 8.
Nb3 h6 9. Re1 c5 10. d4 c4 11. Nbd2 Nc6 12. Nf1 Bf5 13. Ng3 Bh7 14. Be3 Nb4 15.
Rc1 Nxa2 16. Ra1 Nb4 17. Rc1 Nc6 18. Qd2 Ne4 19. Qd1 b5 20. Ra1 f5 21. Bd2 f4
22. Nf1 a5 23. h3 Qb6 24. c3 b4 25. Qa4 Ra7 26. N3h2 Nxf2 27. Bf3 Ne4 28. Re2
Nxd4 29. cxd4 Qxd4+ 30. Kh1 Bc5 31. Ne3 Ng3+ 0-1

[Event "Madrid ch sf-A"]
[Site "Madrid ESP"]
[Date "2007.01.23"]
[Round "8.3"]
[White "De la Fuente Gonzalez, Francisco"]
[Black "Nuñez Muñoz, Jesus"]
[Result "1/2-1/2"]
[WhiteElo "2242"]
[BlackElo "2205"]
[PlyCount "30"]
[EventDate "2007.01.08"]
[EventType "swiss"]
[EventRounds "9"]
[EventCountry "ESP"]
[Source "lmi"]
[SourceDate "2007.01.08"]

1. c4 Nf6 2. g3 e6 3. Bg2 d5 4. Nf3 Be7 5. O-O O-O 6. d4 dxc4 7. Nc3 a6 8. Ne5
c5 9. dxc5 Qc7 10. Nxc4 Bxc5 11. Qb3 Nc6 12. Bg5 b5 13. Bxf6 gxf6 14. Ne4 Be7
15. Ne3 f5 1/2-1/2

[Event "Madrid ch sf-A"]
[Site "Madrid ESP"]
[Date "2007.01.23"]
[Round "8.4"]
[White "Lozano Cortijo, Mariano"]
[Black "Blanco Sanchez, Jose Fernando"]
[Result "1-0"]
[WhiteElo "2181"]
[BlackElo "2159"]
[PlyCount "49"]
[EventDate "2007.01.08"]
[EventType "swiss"]
[EventRounds "9"]
[EventCountry "ESP"]
[Source "lmi"]
[SourceDate "2007.01.08"]

1. e4 e5 2. Nf3 Nc6 3. d4 exd4 4. Nxd4 Qh4 5. Nb5 Bb4+ 6. c3 Qxe4+ 7. Be3 Ba5
8. Nd2 Qe7 9. Nc4 a6 10. Nd4 Bb6 11. Nxb6 cxb6 12. Nf5 Qe5 13. Nd6+ Ke7 14. Nc4
Qe6 15. Nxb6 Rb8 16. Bc4 d5 17. Bxd5 Qf6 18. O-O Kf8 19. Re1 g6 20. Bc5+ Kg7
21. Re8 Nge7 22. Bxc6 Nxc6 23. Rxh8 Kxh8 24. Qd6 Qg7 25. Bd4 1-0

[Event "Madrid ch sf-A"]
[Site "Madrid ESP"]
[Date "2007.01.23"]
[Round "8.5"]
[White "Ballesteros Gonzalez, David"]
[Black "Lopez Heras, Arturo"]
[Result "1-0"]
[WhiteElo "2212"]
[BlackElo "1947"]
[PlyCount "67"]
[EventDate "2007.01.08"]
[EventType "swiss"]
[EventRounds "9"]
[EventCountry "ESP"]
[Source "lmi"]
[SourceDate "2007.01.08"]

1. d4 Nf6 2. c4 c5 3. d5 b5 4. cxb5 a6 5. b6 e6 6. Nc3 exd5 7. Nxd5 Nxd5 8.
Qxd5 Nc6 9. Nf3 Rb8 10. Ne5 Qf6 11. Nxc6 dxc6 12. Qe4+ Be7 13. Bd2 Qxb2 14. Rb1
Qf6 15. Qf4 Qg6 16. e4 O-O 17. f3 Bd6 18. Qe3 f5 19. Bc4+ Kh8 20. O-O Qh5 21.
e5 f4 22. Qb3 Bxe5 23. Bc3 Bd4+ 24. Bxd4 cxd4 25. Qa3 Rf6 26. Qe7 Bf5 27. Qc7
Qe8 28. Rbe1 Qf8 29. b7 d3 30. Re7 d2 31. Bb3 Rd8 32. Rd1 Re8 33. Rxe8 Qxe8 34.
b8=Q 1-0

[Event "Madrid ch sf-A"]
[Site "Madrid ESP"]
[Date "2007.01.23"]
[Round "8.6"]
[White "De Paz Nistal, Santiago"]
[Black "Carbonell Martinez, Juan"]
[Result "1/2-1/2"]
[WhiteElo "2180"]
[BlackElo "2119"]
[PlyCount "69"]
[EventDate "2007.01.08"]
[EventType "swiss"]
[EventRounds "9"]
[EventCountry "ESP"]
[Source "lmi"]
[SourceDate "2007.01.08"]

1. e4 e5 2. Nf3 Nc6 3. Bb5 a6 4. Ba4 b5 5. Bb3 Nf6 6. O-O Be7 7. Re1 O-O 8. h3
d5 9. exd5 Nxd5 10. d3 Nf6 11. Nbd2 Bd6 12. c3 h6 13. Ne4 Nxe4 14. dxe4 Na5 15.
Bc2 Be6 16. b3 Qf6 17. Qe2 Rfd8 18. Bd2 c5 19. Rad1 Nc6 20. Bb1 c4 21. b4 Bc7
22. Be3 Ne7 23. Rxd8+ Rxd8 24. Rd1 Ng6 25. Rxd8+ Qxd8 26. Qd2 Qxd2 27. Nxd2 Ne7
28. g4 f6 29. Nf1 a5 30. a3 axb4 31. axb4 Ng6 32. Ng3 Nf4 33. Kh2 Bd7 34. Bc2
Kf7 35. f3 1/2-1/2

[Event "Madrid ch sf-A"]
[Site "Madrid ESP"]
[Date "2007.01.23"]
[Round "8.7"]
[White "Lorenzo Bailador, Alfredo"]
[Black "Suarez Triguero, Alfonso"]
[Result "0-1"]
[WhiteElo "2082"]
[BlackElo "2188"]
[PlyCount "128"]
[EventDate "2007.01.08"]
[EventType "swiss"]
[EventRounds "9"]
[EventCountry "ESP"]
[Source "lmi"]
[SourceDate "2007.01.08"]

1. e4 Nf6 2. e5 Ng8 3. d4 d6 4. Nf3 Bg4 5. h3 Bh5 6. Be2 dxe5 7. Nxe5 Bxe2 8.
Qxe2 Qxd4 9. Qb5+ Nc6 10. Qxb7 Qb4+ 11. Qxb4 Nxb4 12. Na3 f6 13. Nd3 e5 14. Nb5
Rb8 15. Nxb4 Bxb4+ 16. Nc3 Bxc3+ 17. bxc3 Ne7 18. Be3 Nc6 19. Kd2 Kd7 20. Rab1
Rxb1 21. Rxb1 a6 22. f4 Re8 23. Rb3 Re6 24. Ra3 exf4 25. Bxf4 g5 26. Bh2 Ne7
27. Ra5 Ng6 28. Rc5 Rc6 29. Rxc6 Kxc6 30. Ke3 f5 31. Kd4 Kd7 32. g3 Kd6 33. Bg1
Ne5 34. Bf2 c5+ 35. Ke3 Kd5 36. Be1 a5 37. a4 Nc4+ 38. Kf3 Nb6 39. Bd2 h6 40.
h4 Nxa4 41. hxg5 hxg5 42. c4+ Kxc4 43. Bxa5 Nc3 44. Bd8 Nd5 45. Bxg5 Kc3 46. g4
fxg4+ 47. Kxg4 Kxc2 48. Kf5 c4 49. Ke4 Nc3+ 50. Kd4 Kb3 51. Bd2 Nd1 52. Be1 Nb2
53. Bc3 Nd3 54. Bd2 Nb4 55. Bg5 Nc6+ 56. Ke3 c3 57. Ke2 Ne5 58. Bf6 c2 59. Bg5
Kc3 60. Bd2+ Kc4 61. Bf4 Nd3 62. Bd2 Nb4 63. Bxb4 c1=Q 64. Bd2 Qc2 0-1

[Event "Madrid ch sf-A"]
[Site "Madrid ESP"]
[Date "2007.01.23"]
[Round "8.9"]
[White "Barahona Torrijos, Angel"]
[Black "Martin-Consuegra, Javier"]
[Result "1/2-1/2"]
[WhiteElo "2030"]
[BlackElo "1949"]
[PlyCount "112"]
[EventDate "2007.01.08"]
[EventType "swiss"]
[EventRounds "9"]
[EventCountry "ESP"]
[Source "lmi"]
[SourceDate "2007.01.08"]

1. e4 d5 2. Nc3 dxe4 3. Nxe4 Nd7 4. d4 Ngf6 5. Bd3 e6 6. Nf3 Nxe4 7. Bxe4 Nf6
8. Bd3 Be7 9. Ne5 a6 10. Bg5 Nd5 11. Qh5 g6 12. Bxe7 Qxe7 13. Qf3 Qf6 14. Qxf6
Nxf6 15. O-O-O b6 16. Rhe1 Bb7 17. f3 Nd7 18. Be4 Bxe4 19. Rxe4 Nxe5 20. Rxe5
Ke7 21. d5 Kf6 22. f4 Rad8 23. dxe6 Rxd1+ 24. Kxd1 Rd8+ 25. Ke2 fxe6 26. g3 Rd5
27. Re3 h5 28. Rc3 c5 29. h3 g5 30. fxg5+ Kxg5 31. Rd3 b5 32. b3 b4 33. Rf3 Rd6
34. Rf8 Rc6 35. Ke3 c4 36. Rg8+ Kf6 37. bxc4 Rxc4 38. Kd2 Rc3 39. h4 Ra3 40. g4
hxg4 41. Rxg4 a5 42. c4 bxc3+ 43. Kc2 Rxa2+ 44. Kxc3 Ra3+ 45. Kb2 Rh3 46. Ra4
e5 47. Kc2 Kf5 48. Kd2 Rb3 49. Rxa5 Rb4 50. Ra3 Rxh4 51. Ke2 Rh2+ 52. Ke1 Kf4
53. Rb3 e4 54. Ra3 Rb2 55. Rc3 Ke5 56. Ra3 Kf4 1/2-1/2

[Event "Madrid ch sf-A"]
[Site "Madrid ESP"]
[Date "2007.01.23"]
[Round "8.10"]
[White "Algaba Traspuesto, Jose Antonio"]
[Black "Pardo Robles, Jose Manuel"]
[Result "1/2-1/2"]
[WhiteElo "1825"]
[BlackElo "2032"]
[PlyCount "61"]
[EventDate "2007.01.08"]
[EventType "swiss"]
[EventRounds "9"]
[EventCountry "ESP"]
[Source "lmi"]
[SourceDate "2007.01.08"]

1. c4 Nf6 2. Nc3 g6 3. g3 Bg7 4. Bg2 O-O 5. Nf3 d6 6. O-O e5 7. d3 Na6 8. Bg5
h6 9. Bxf6 Qxf6 10. Nd5 Qd8 11. Rb1 c6 12. Nc3 Be6 13. e4 Nc7 14. Nd2 Qd7 15.
f4 exf4 16. gxf4 Bd4+ 17. Kh1 Bg4 18. Qe1 Bh3 19. Qg3 Bxg2+ 20. Qxg2 Kh7 21.
Ne2 Be3 22. Ng3 h5 23. f5 Rh8 24. Rf3 Bh6 25. Rbf1 Rhf8 26. R1f2 h4 27. Ngf1 g5
28. Ne3 f6 29. Ng4 Rf7 30. Rh3 Bg7 31. Nf3 1/2-1/2

[Event "Madrid ch sf-A"]
[Site "Madrid ESP"]
[Date "2007.01.24"]
[Round "9.1"]
[White "Pastor Alonso de Prado, Alberto"]
[Black "Lozano Cortijo, Mariano"]
[Result "1/2-1/2"]
[WhiteElo "2212"]
[BlackElo "2181"]
[PlyCount "60"]
[EventDate "2007.01.08"]
[EventType "swiss"]
[EventRounds "9"]
[EventCountry "ESP"]
[Source "lmi"]
[SourceDate "2007.01.08"]

1. e4 e6 2. d3 d5 3. Nd2 c5 4. Ngf3 Nc6 5. g3 Nge7 6. Bg2 g6 7. O-O Bg7 8. c3
O-O 9. Re1 b6 10. Qe2 Bb7 11. Nf1 Rc8 12. e5 d4 13. c4 Qc7 14. Bf4 Rcd8 15. h4
h5 16. N1h2 Nf5 17. g4 hxg4 18. Nxg4 Nb8 19. Bg5 Rc8 20. Nd2 Bxg2 21. Kxg2 Nd7
22. Ne4 Qc6 23. Kh3 Nxe5 24. h5 Nxg4 25. Qxg4 e5 26. Rg1 Qe6 27. Bd2 Rc6 28.
Kh2 Nh6 29. Qh4 Nf5 30. Qh3 Ne7 1/2-1/2

[Event "Madrid ch sf-A"]
[Site "Madrid ESP"]
[Date "2007.01.24"]
[Round "9.3"]
[White "De la Fuente Gonzalez, Francisco"]
[Black "Horcajada Reales, Guillermo"]
[Result "1/2-1/2"]
[WhiteElo "2242"]
[BlackElo "2188"]
[PlyCount "116"]
[EventDate "2007.01.08"]
[EventType "swiss"]
[EventRounds "9"]
[EventCountry "ESP"]
[Source "lmi"]
[SourceDate "2007.01.08"]

1. c4 Nf6 2. g3 g6 3. Bg2 Bg7 4. Nc3 O-O 5. Nf3 d6 6. O-O Nc6 7. d3 e5 8. Rb1
h6 9. b4 Nh5 10. b5 Ne7 11. Nd5 f5 12. Bd2 Kh7 13. Ba5 Nxd5 14. cxd5 f4 15. Qc2
b6 16. Bb4 Bg4 17. a4 Rf7 18. Rbc1 Qf8 19. Qb3 Re8 20. Rc6 Bf6 21. Qd1 Bd8 22.
Nd2 Ng7 23. Ne4 Bd7 24. Rc4 Nf5 25. Nc3 g5 26. Na2 Nd4 27. Be4+ Kg7 28. Bc3 Bh3
29. Bxd4 Bxf1 30. Qxf1 exd4 31. g4 Bf6 32. Nb4 Be5 33. f3 Qe7 34. Na6 Qf6 35.
Nxc7 Ree7 36. Na6 Rf8 37. Nb4 Qf7 38. Nc6 Rc7 39. Qc1 Rb7 40. Nb4 Kf6 41. Rc8
Re8 42. Qc6 Ree7 43. Rh8 Rec7 44. Rxh6+ Ke7 45. Rh7 Bg7 46. Na6 Rxc6 47. bxc6
Kf6 48. cxb7 Qxb7 49. Nb4 a5 50. Nc6 b5 51. Nd8 Qc7 52. Ne6 Qc1+ 53. Kg2 Qe1
54. Nxg7 Qxe2+ 55. Kg1 Qe1+ 56. Kg2 Qe2+ 57. Kg1 Qe1+ 58. Kg2 Qe2+ 1/2-1/2

[Event "Madrid ch sf-A"]
[Site "Madrid ESP"]
[Date "2007.01.24"]
[Round "9.4"]
[White "Nuñez Muñoz, Jesus"]
[Black "Ballesteros Gonzalez, David"]
[Result "1/2-1/2"]
[WhiteElo "2205"]
[BlackElo "2212"]
[PlyCount "140"]
[EventDate "2007.01.08"]
[EventType "swiss"]
[EventRounds "9"]
[EventCountry "ESP"]
[Source "lmi"]
[SourceDate "2007.01.08"]

1. e4 g6 2. d4 d6 3. Nc3 c6 4. Nf3 Bg7 5. Be3 Nf6 6. h3 O-O 7. a4 Qa5 8. Qd2
Nbd7 9. Rd1 a6 10. Be2 b5 11. e5 b4 12. exf6 bxc3 13. Qxc3 Qxc3+ 14. bxc3 Nxf6
15. Bd3 Nd5 16. Bd2 Rb8 17. O-O a5 18. Rb1 Bf5 19. Rfe1 Bxd3 20. cxd3 e6 21.
Rec1 Rfd8 22. Kf1 h6 23. Ke2 e5 24. dxe5 dxe5 25. c4 Nb4 26. Bxb4 Rxb4 27. Rxb4
axb4 28. Nd2 Ra8 29. Ra1 e4 30. Ra2 exd3+ 31. Kxd3 Rd8+ 32. Ke2 Bd4 33. Nb3 Ba7
34. c5 Re8+ 35. Kd3 Re5 36. Rc2 Kf8 37. Rc4 Rf5 38. f3 Rd5+ 39. Ke3 Ke7 40. a5
Kd7 41. a6 h5 42. Rxb4 Ke6 43. f4 Rd1 44. Rb7 Rg1 45. Rxa7 Rxg2 46. Nd4+ Kd5
47. Ne2 Rh2 48. Rxf7 Rxh3+ 49. Kd2 Ra3 50. a7 Kxc5 51. Rb7 h4 52. Rh7 Ra2+ 53.
Ke3 h3 54. Rxh3 Rxa7 55. Rg3 Re7+ 56. Kf3 Re6 57. Rg5+ Kc4 58. Ng3 Kd4 59. Ne2+
Kc4 60. Re5 Rd6 61. Ke4 c5 62. Rg5 Kb4 63. Rd5 Re6+ 64. Kd3 Ra6 65. Rd8 Ra3+
66. Ke4 Ra6 67. Rb8+ Kc4 68. Ke3 Ra3+ 69. Ke4 Ra6 70. Ke3 Ra3+ 1/2-1/2

[Event "Madrid ch sf-A"]
[Site "Madrid ESP"]
[Date "2007.01.24"]
[Round "9.5"]
[White "Carbonell Martinez, Juan"]
[Black "Suarez Triguero, Alfonso"]
[Result "0-1"]
[WhiteElo "2119"]
[BlackElo "2188"]
[PlyCount "150"]
[EventDate "2007.01.08"]
[EventType "swiss"]
[EventRounds "9"]
[EventCountry "ESP"]
[Source "lmi"]
[SourceDate "2007.01.08"]

1. d4 Nf6 2. Nf3 d6 3. h3 Nbd7 4. Bf4 c6 5. c3 g6 6. Nbd2 Bg7 7. e3 O-O 8. Be2
Re8 9. Qb3 Qb6 10. Nc4 Qxb3 11. axb3 Nd5 12. O-O N7f6 13. Bh2 Bd7 14. Ncd2 Bf5
15. g4 Bc8 16. Kg2 Nb6 17. e4 h5 18. g5 Nfd7 19. e5 dxe5 20. dxe5 Nf8 21. Bc4
Nxc4 22. Nxc4 Be6 23. Na5 Rab8 24. Nc4 Ra8 25. Na5 Rab8 26. Nc4 a6 27. Ncd2
Rbd8 28. Rfd1 Rd3 29. Ne4 Rxd1 30. Rxd1 Bxb3 31. Rd4 Be6 32. Nc5 Bc8 33. Rb4 b5
34. Rd4 Ne6 35. Nxe6 Bxe6 36. b4 Bd5 37. h4 Kf8 38. Bf4 Rd8 39. Kg3 Ke8 40. Ne1
Bc4 41. Nc2 e6 42. Kf3 Bf8 43. Be3 Bd5+ 44. Ke2 c5 45. Rd2 Bc4+ 46. Ke1 Bb3 47.
bxc5 Rxd2 48. Kxd2 Bxc2 49. Kxc2 Kd7 50. Kb3 Be7 51. Kb4 Bd8 52. c4 bxc4 53.
Kxc4 Ba5 54. Bd4 Kc6 55. Be3 Be1 56. Bd4 Bd2 57. Kd3 Be1 58. Kc4 a5 59. Be3 a4
60. Bd4 Bd2 61. Kd3 Ba5 62. Kc4 Be1 63. Be3 a3 64. Kb3 a2 65. Kxa2 Bb4 66. Bf4
Bxc5 67. Bg3 Kd5 68. Kb3 Bd4 69. f4 Ke4 70. Kc4 Be3 71. Kb5 Bxf4 72. Bxf4 Kxf4
73. Kc6 Kxe5 74. Kd7 Kf5 75. Ke7 e5 0-1

[Event "Madrid ch sf-A"]
[Site "Madrid ESP"]
[Date "2007.01.24"]
[Round "9.6"]
[White "Blanco Sanchez, Jose Fernando"]
[Black "Andalon Gomez, Carlos J"]
[Result "1-0"]
[WhiteElo "2159"]
[BlackElo "2023"]
[PlyCount "63"]
[EventDate "2007.01.08"]
[EventType "swiss"]
[EventRounds "9"]
[EventCountry "ESP"]
[Source "lmi"]
[SourceDate "2007.01.08"]

1. e4 c6 2. c4 d5 3. exd5 cxd5 4. cxd5 Nf6 5. Bb5+ Bd7 6. Bc4 Qc7 7. d3 b5 8.
Bb3 Na6 9. Ne2 Nb4 10. Nbc3 Qb7 11. Nf4 a5 12. a3 Na6 13. O-O g6 14. d6 e6 15.
Re1 Bxd6 16. Ncd5 Nxd5 17. Bxd5 Bc6 18. Nxe6 fxe6 19. Rxe6+ Kd7 20. Bf4 Bxd5
21. Rxd6+ Ke7 22. Qe2+ Kf7 23. Qe5 Rhe8 24. Qf6+ Kg8 25. Be5 Rxe5 26. Qxe5 Bf7
27. Rc1 Re8 28. Qf6 Nb8 29. Rd8 Nd7 30. Qe7 Rxd8 31. Qxd8+ Nf8 32. Rc8 1-0

[Event "Madrid ch sf-A"]
[Site "Madrid ESP"]
[Date "2007.01.24"]
[Round "9.7"]
[White "Pardo Robles, Jose Manuel"]
[Black "Lopez Heras, Arturo"]
[Result "0-1"]
[WhiteElo "2032"]
[BlackElo "1947"]
[PlyCount "94"]
[EventDate "2007.01.08"]
[EventType "swiss"]
[EventRounds "9"]
[EventCountry "ESP"]
[Source "lmi"]
[SourceDate "2007.01.08"]

1. e4 e5 2. Nf3 Nc6 3. Bb5 f5 4. Bxc6 dxc6 5. Nxe5 Nf6 6. exf5 Bd6 7. d4 Bxe5
8. dxe5 Qxd1+ 9. Kxd1 Ng4 10. Re1 Bxf5 11. f3 O-O-O+ 12. Bd2 Nh6 13. Kc1 Nf7
14. e6 Nd6 15. g4 Bg6 16. Nc3 Nc4 17. Bg5 Rdf8 18. f4 h6 19. e7 Re8 20. Bh4 h5
21. g5 Bf5 22. Ne4 Bxe4 23. Rxe4 Nd6 24. Re5 g6 25. Kd2 Nc4+ 26. Kc3 Nxe5 27.
fxe5 Rxe7 28. Re1 Rf8 29. Bg3 Rf5 30. Re3 Rxg5 31. Kd3 Re6 32. h4 Rf5 33. Ke4
b6 34. Bf4 Rf7 35. Bg5 Rf2 36. Kd3 Kd7 37. Bf6 Rfxf6 38. exf6 Rxe3+ 39. Kxe3
Ke6 40. f7 Kxf7 41. Kf4 Kf6 42. a4 a5 43. c3 b5 44. b3 bxa4 45. bxa4 c5 46. Ke4
c6 47. Kd3 Ke5 0-1

[Event "Madrid ch sf-A"]
[Site "Madrid ESP"]
[Date "2007.01.24"]
[Round "9.8"]
[White "Garcia Fernandez, Jesus"]
[Black "Barahona Torrijos, Angel"]
[Result "1-0"]
[WhiteElo "1937"]
[BlackElo "2030"]
[PlyCount "59"]
[EventDate "2007.01.08"]
[EventType "swiss"]
[EventRounds "9"]
[EventCountry "ESP"]
[Source "lmi"]
[SourceDate "2007.01.08"]

1. Nf3 Nc6 2. c4 e5 3. Nc3 f5 4. d3 Nf6 5. g3 e4 6. dxe4 fxe4 7. Ng5 Bb4 8. Bg2
Bxc3+ 9. bxc3 Qe7 10. Qc2 d6 11. Nxe4 Qf7 12. Nxf6+ Qxf6 13. O-O O-O 14. Rb1
Bf5 15. e4 Be6 16. Rxb7 Bxc4 17. Rd1 Ne5 18. f4 Ng4 19. h3 Nh6 20. Be3 Qe6 21.
Rxc7 Bxa2 22. Qd2 Bb3 23. Qxd6 Qxd6 24. Rxd6 a5 25. Rdd7 Rf7 26. Bd4 a4 27. e5
Rb8 28. Rxf7 Nxf7 29. c4 Rd8 30. Bd5 1-0

[Event "Madrid ch sf-A"]
[Site "Madrid ESP"]
[Date "2007.01.24"]
[Round "9.9"]
[White "Martin-Consuegra, Javier"]
[Black "Perez Cameselle, Francisco Jose"]
[Result "1-0"]
[WhiteElo "1949"]
[BlackElo "1984"]
[PlyCount "59"]
[EventDate "2007.01.08"]
[EventType "swiss"]
[EventRounds "9"]
[EventCountry "ESP"]
[Source "lmi"]
[SourceDate "2007.01.08"]

1. d4 Nf6 2. Bg5 g6 3. Bxf6 exf6 4. c4 Bg7 5. Nc3 O-O 6. e3 f5 7. g3 d6 8. Bg2
c5 9. Nge2 Nc6 10. O-O Qb6 11. Na4 Qb4 12. Rc1 cxd4 13. a3 Qa5 14. b4 Qd8 15.
Nxd4 Nxd4 16. exd4 Qf6 17. d5 Bd7 18. c5 Bb5 19. Re1 f4 20. Nc3 fxg3 21. hxg3
Bd7 22. Ne4 Qb2 23. Nxd6 Qxa3 24. c6 Qxb4 25. Nxb7 Bg4 26. Bf3 h5 27. d6 Rab8
28. Rb1 Qc3 29. Bxg4 Qxc6 30. Bf3 1-0